[Event "Port of Burlington op"]
[Site "Burlington"]
[Date "2019.02.02"]
[Round "1"]
[White "Mills, Michael L"]
[Black "Noble, Cub"]
[Result "0-1"]
[WhiteElo "1695"]
[BlackElo "1852"]
[PlyCount "82"]
[EventDate "2019.02.02"]
[EventType "swiss"]
[EventRounds "5"]
[EventCountry "USA"]
[SourceTitle "EXT 2020"]
[Source "ChessBase"]
[SourceDate "2019.10.17"]
[SourceVersion "1"]
[SourceVersionDate "2019.10.17"]
[SourceQuality "1"]

1. e4 c6 2. d4 d5 3. exd5 cxd5 4. Bd3 Nf6 5. Ne2 e6 6. Bf4 Be7 7. c3 0-0 8. Nd2 a6 9. Ng3 b5 10. Nf3 Nbd7 11. Ne5 Bb7 12. 0-0 Rc8 13. Ng4 Re8 14. Re1 b4 15. Nxf6+ Nxf6 16. Rb1 a5 17. Re3 Qb6 18. Nh5 Ba6 19. Nxf6+ Bxf6 20. Bxa6 Qxa6 21. Be5 Bxe5 22. dxe5 bxc3 23. bxc3 Rc4 24. Qd2 Qc6 25. Rg3 Qc5 26. Rb7 Qf8 27. Rf3 Re7 28. Rb5 Rec7 29. Rxa5 d4 30. h3 dxc3 31. Qc2 Qb4 32. Rd3 Rc8 33. Ra7 Qb2 34. Rd2 cxd2 35. Qxb2 d1Q+ 36. Kh2 Qd4 37. Qb7 Qxe5+ 38. g3 Qf5 39. Qb6 Rf8 40. Kg2 Qe4+ 41. Kh2 Qf3 0-1